| 000 | 00345nam a2200133Ia 4500 | ||
|---|---|---|---|
| 008 | 240624s9999 xx 000 0 und d | ||
| 041 | _aeng | ||
| 082 | _a332.6457 NIS | ||
| 100 | _aNATIONAL INSTITUTE OF SECURITIES MARKETS NISM | ||
| 245 | _aCURRENCY DERIVATIVES | ||
| 260 |
_c2016 _aNew Delhi _bTaxmann |
||
| 300 | _a168 : p. | ||
| 365 |
_cRS _b30 |
||
| 999 |
_c27894 _d27894 |
||